[Event "IV Open Estate Vomero"]
[Site "Napoli ITA"]
[Date "2010.06.10"]
[Round "5"]
[White "Sciaudone, Francesco"]
[Black "Caiazzo, Diego"]
[Result "0-1"]
[WhiteElo "1593"]
[BlackElo "1880"]
[PlyCount "68"]
[EventDate "2010.05.06"]

1. e4 e6 2. d4 d5 3. exd5 exd5 4. Nf3 Nf6 5. Nc3 Be7 6. Bd3 Bg4 7. h3 Bh5 8.
Be2 h6 9. Nh4 Bxe2 10. Qxe2 O-O 11. O-O Nbd7 12. Nf5 Bb4 13. Qf3 Bxc3 14. bxc3
Kh7 15. Qd3 Kh8 16. Re1 Nb6 17. Qg3 Rg8 18. Re7 Qc8 19. Nh4 g5 20. Qe5 Nbd7 21.
Rxd7 Qxd7 22. Qxf6+ Kh7 23. Nf3 Rg6 24. Qe5 Re8 25. Qg3 f6 26. Bd2 Rg7 27. Re1
Rge7 28. Rxe7+ Rxe7 29. h4 Qf5 30. hxg5 hxg5 31. Qh2+ Kg7 32. Ne1 Qe4 33. Nd3
Qe2 34. Be3 Qd1+ 0-1

[Event "IV Open Estate Vomero"]
[Site "Napoli ITA"]
[Date "2010.06.17"]
[Round "6"]
[White "Caiazzo, Diego"]
[Black "De Rosa, Francesco"]
[Result "1/2-1/2"]
[WhiteElo "1880"]
[BlackElo "1988"]
[PlyCount "130"]
[EventDate "2010.05.06"]

1. b3 e5 2. Bb2 Nc6 3. e3 Nf6 4. Nf3 d6 5. Be2 Be7 6. O-O O-O 7. c4 e4 8. Ne1
d5 9. cxd5 Qxd5 10. Nc3 Qg5 11. Nb5 a6 12. Nd4 Nxd4 13. Bxd4 c5 14. Bb2 Rd8 15.
Qc2 Bf5 16. Rd1 b5 17. d3 Bd6 18. Bxf6 Qxf6 19. dxe4 Qe5 20. Rxd6 Rxd6 21. exf5
Rad8 22. Nf3 Qd5 23. h3 Qc6 24. Rc1 Rc8 25. e4 f6 26. e5 fxe5 27. Nxe5 Qd5 28.
Nf3 Rf6 29. Bd3 Re8 30. Re1 Rxe1+ 31. Nxe1 Rd6 32. Qe2 Kf8 33. Be4 Qd2 34. Kf1
Qc1 35. Qc2 Qxc2 36. Nxc2 Ke7 37. Ke2 Kf6 38. f4 h6 39. g4 c4 40. bxc4 bxc4 41.
h4 Rb6 42. g5+ Ke7 43. Kd2 Rb2 44. Bd5 Rxa2 45. Bxc4 Ra5 46. Nd4 Rc5 47. Kd3 a5
48. Be6 a4 49. Nc2 Rc6 50. Na3 Rc1 51. Bd5 Rf1 52. Ke3 Re1+ 53. Kf2 Rd1 54. Bc6
Rd3 55. Nb1 a3 56. Nxa3 Rxa3 57. Bf3 Ra2+ 58. Kg3 Rd2 59. Bh5 Rd3+ 60. Kg4 Rd4
61. Bg6 Rb4 62. h5 hxg5 63. Kxg5 Rb5 64. h6 gxh6+ 65. Kxh6 Kf6 1/2-1/2

[Event "IV Open Estate Vomero"]
[Site "Napoli ITA"]
[Date "2010.06.17"]
[Round "6"]
[White "Cosenza, Gianni"]
[Black "Della Corte, Alessandro"]
[Result "0-1"]
[WhiteElo "1899"]
[BlackElo "2246"]
[PlyCount "74"]
[EventDate "2010.05.06"]

1. e4 d5 2. exd5 Qxd5 3. Nc3 Qd6 4. d4 Nf6 5. Nf3 c6 6. g3 Bg4 7. Bg2 e6 8. O-O
Nbd7 9. Bf4 Qb4 10. Rb1 Be7 11. Qd2 O-O 12. Bc7 Bd8 13. Bf4 Be7 14. Bc7 Bd8 15.
Bf4 Bb6 16. a3 Qe7 17. Rfe1 Rfd8 18. Na4 h6 19. c4 Qf8 20. Qc3 Bxf3 21. Bxf3
Bxd4 22. Qxd4 Nb6 23. Qe5 Nxa4 24. Bxh6 Nd7 25. Qa5 Ndc5 26. Qc7 gxh6 27. Qf4
Nd3 28. Qg4+ Qg7 29. Re4 Qxg4 30. Rxg4+ Kf8 31. Rh4 Naxb2 32. Rxh6 Ke7 33. Be4
Rd7 34. f4 Nc5 35. Bc2 Nxc4 36. f5 e5 37. Re1 Rd2 0-1

[Event "IV Open Estate Vomero"]
[Site "Napoli ITA"]
[Date "2010.06.17"]
[Round "6"]
[White "Esposito, Rosario"]
[Black "Angelotti, Mario"]
[Result "0-1"]
[WhiteElo "1830"]
[BlackElo "1527"]
[PlyCount "148"]
[EventDate "2010.05.06"]

1. d4 Nf6 2. c4 g6 3. Nc3 d5 4. Bf4 c6 5. e3 Nh5 6. Be5 f6 7. Bxb8 Rxb8 8. cxd5
cxd5 9. Qa4+ Kf7 10. Qxa7 Be6 11. Nf3 b6 12. Qa4 Ng7 13. Be2 Nf5 14. O-O h5 15.
Rfc1 g5 16. Nb5 g4 17. Ne1 Bh6 18. Qb3 Rg8 19. Nc7 h4 20. Nxe6 Kxe6 21. Bd3
Nxe3 22. Rc6+ Kf7 23. fxe3 Bxe3+ 24. Kh1 Bf4 25. Bf5 Rg5 26. Be6+ Kg7 27. Nd3
Bd6 28. Rac1 Qh8 29. Rxd6 exd6 30. Rc7+ Kh6 31. Bxd5 Rc8 32. Qc4 Rxc7 33. Qxc7
Rxd5 34. Qc1+ Rg5 35. Nf4 Qe8 36. d5 Kh7 37. Qc7+ Rg7 38. Qc2+ Kg8 39. Ne6 Qb5
40. Qc8+ Kh7 41. Qc2+ Kh8 42. Qf5 Qe8 43. Qxf6 Qf7 44. Qxg7+ Qxg7 45. Nxg7 Kxg7
46. Kg1 Kf6 47. Kf2 Ke5 48. Ke3 b5 49. b3 b4 50. h3 gxh3 51. gxh3 Kxd5 52. Kd3
Kc5 53. Ke3 d5 54. Kd3 Kd6 55. Kd4 Kc6 56. Ke3 Kc5 57. Kd3 Kc6 58. Ke3 Kd7 59.
Kd3 Ke6 60. Kd4 Kd6 61. Ke3 Ke5 62. Kd3 Kf4 63. Kd4 Kg3 64. Kxd5 Kxh3 65. Kc4
Kg3 66. Kxb4 h3 67. a4 h2 68. a5 h1=Q 69. Ka4 Qc6+ 70. Kb4 Kf4 71. Ka3 Qb5 72.
b4 Ke4 73. Kb3 Kd3 74. Ka3 Kc3 0-1

[Event "IV Open Estate Vomero"]
[Site "Napoli ITA"]
[Date "2010.06.17"]
[Round "6"]
[White "Gallo, Thomas Renato"]
[Black "Esposito, Pino"]
[Result "0-1"]
[WhiteElo "1875"]
[BlackElo "1875"]
[PlyCount "72"]
[EventDate "2010.05.06"]

1. d4 Nf6 2. c4 g6 3. Nc3 Bg7 4. e4 d6 5. f3 Nbd7 6. Be3 e5 7. Nge2 exd4 8.
Nxd4 O-O 9. Be2 Re8 10. O-O Ne5 11. Rc1 Bd7 12. Qd2 a6 13. b3 Rc8 14. Bg5 Bc6
15. f4 Ned7 16. Nxc6 bxc6 17. f5 Re5 18. fxg6 hxg6 19. Bf3 Qe8 20. Bf4 Re6 21.
Rce1 Nc5 22. Qc2 Rb8 23. Bg3 a5 24. Bf2 Nfd7 25. Bg4 Bxc3 26. Bxe6 Bxe1 27.
Bxf7+ Qxf7 28. Bxc5 Qg7 29. Ba3 Bc3 30. Bc1 Re8 31. Be3 Bd4 32. Qd3 Bxe3+ 33.
Qxe3 Nc5 34. Qd2 Nxe4 35. Qf4 Qd4+ 36. Rf2 Qxf2+ 0-1

[Event "IV Open Estate Vomero"]
[Site "Napoli ITA"]
[Date "2010.06.17"]
[Round "6"]
[White "Solombrino, Giovanni"]
[Black "Ficco, Corrado"]
[Result "0-1"]
[WhiteElo "1875"]
[BlackElo "2150"]
[PlyCount "64"]
[EventDate "2010.05.06"]

1. e4 c5 2. Nf3 e6 3. d4 cxd4 4. Nxd4 Nf6 5. Nc3 Nc6 6. a3 Be7 7. Be3 a6 8.
Nxc6 bxc6 9. e5 Nd5 10. Nxd5 cxd5 11. Bd3 Qc7 12. f4 Rb8 13. Qg4 g6 14. Bd4 Bc5
15. Bxc5 Qxc5 16. O-O-O a5 17. Qe2 Qd4 18. c3 Qxf4+ 19. Kb1 O-O 20. h4 d6 21.
exd6 Qxd6 22. h5 g5 23. h6 Qxa3 24. c4 Qd6 25. c5 Qc7 26. Qe3 f6 27. Rdf1 Qe7
28. Rh5 Bb7 29. g4 Bc6 30. Rxf6 Qxf6 31. Rxg5+ Kh8 32. Rg7 Qxb2# 0-1

[Event "IV Open Estate Vomero"]
[Site "Napoli ITA"]
[Date "2010.06.25"]
[Round "7"]
[White "Angelotti, Mario"]
[Black "Pinto, Gaetano"]
[Result "0-1"]
[WhiteElo "1527"]
[BlackElo "2048"]
[PlyCount "64"]
[EventDate "2010.05.06"]

1. e4 d6 2. d4 Nf6 3. Nc3 Nbd7 4. Be3 c6 5. Be2 Qc7 6. h3 b5 7. a3 a6 8. g4 Nb6
9. g5 Nfd7 10. h4 Bb7 11. Nh3 e6 12. Qd2 c5 13. O-O-O cxd4 14. Qxd4 Rc8 15. f4
Nc5 16. Nf2 Nba4 17. Kb1 Nxc3+ 18. Qxc3 Nxe4 19. Nxe4 Bxe4 20. Rh3 Qb7 21. Qa5
Bxc2+ 22. Ka2 Bxd1 23. Bxd1 g6 24. Bb3 Bg7 25. Qd2 Qe4 26. Qxd6 Rd8 27. Qxa6
O-O 28. h5 Qg2 29. Bc1 Qxh3 30. hxg6 hxg6 31. Qxb5 Rb8 32. Qc4 Rfc8 0-1

[Event "IV Open Estate Vomero"]
[Site "Napoli ITA"]
[Date "2010.06.25"]
[Round "7"]
[White "Caiazzo, Diego"]
[Black "Borrelli, Salvatore"]
[Result "0-1"]
[WhiteElo "1880"]
[BlackElo "1957"]
[PlyCount "160"]
[EventDate "2010.05.06"]

1. b3 f5 2. Bb2 Nf6 3. c4 e6 4. Nf3 b6 5. g3 Bb7 6. Bg2 Be7 7. O-O O-O 8. d4 d5
9. Nc3 Ne4 10. Ne5 Nd7 11. Nxd7 Qxd7 12. cxd5 Nxc3 13. Bxc3 Bxd5 14. Qd3 Bxg2
15. Kxg2 Bd6 16. e4 Qf7 17. e5 Be7 18. f4 c5 19. Qf3 Rfd8 20. Rfd1 Rac8 21.
dxc5 Bxc5 22. Rd3 Rxd3 23. Qxd3 Qb7+ 24. Qf3 Qxf3+ 25. Kxf3 Ba3 26. Bd2 Rc2 27.
Ke3 Kf7 28. Kd3 Rc5 29. Rd1 Rd5+ 30. Kc2 Bc5 31. Be1 Rxd1 32. Kxd1 Bg1 33. h3
Kg6 34. Ke2 h5 35. h4 Kf7 36. a4 Ke7 37. Kd3 Kd7 38. Kc4 Kc6 39. b4 b5+ 40.
axb5+ Kb6 41. Kb3 Kxb5 42. Kc3 Bb6 43. Kd3 g6 44. Kc3 a5 45. Kb3 axb4 46. Bxb4
Bf2 47. Be7 Bxg3 48. Bg5 Be1 49. Be7 Bd2 50. Bg5 Kc5 51. Kc2 Be1 52. Kd3 Kd5
53. Be7 Bg3 54. Bg5 Kc5 55. Ke3 Kc4 56. Kf3 Be1 57. Be7 Kd3 58. Bd8 Bc3 59. Bf6
Kd2 60. Be7 Ke1 61. Bc5 Kf1 62. Bf2 Bd2 63. Bg3 Kg1 64. Bf2+ Kh2 65. Bg3+ Kh3
66. Bf2 Bb4 67. Bg3 Be7 68. Bf2 Bxh4 69. Bg1 Bg3 70. Be3 h4 71. Bg1 Be1 72. Be3
Kh2 73. Bd4 Kh1 74. Be3 h3 75. Bd4 h2 76. Be3 Bd2 77. Bf2 Bxf4 78. Bd4 Bxe5 79.
Be3 g5 80. Bb6 g4+ 0-1

[Event "IV Open Estate Vomero"]
[Site "Napoli ITA"]
[Date "2010.06.25"]
[Round "7"]
[White "De Rosa, Francesco"]
[Black "Della Corte, Alessandro"]
[Result "0-1"]
[WhiteElo "1988"]
[BlackElo "2246"]
[PlyCount "82"]
[EventDate "2010.05.06"]

1. d4 Nf6 2. c4 c5 3. d5 b5 4. cxb5 a6 5. bxa6 g6 6. Nc3 Bxa6 7. Nf3 d6 8. g3
Bg7 9. Bg2 Nbd7 10. O-O Nb6 11. Re1 Nfd7 12. e4 O-O 13. Bf1 Nc4 14. Bxc4 Bxc4
15. Qc2 Qa5 16. Bg5 Rfe8 17. Nd2 Ba6 18. Nb3 Qb4 19. a3 Qb6 20. Nd2 Ne5 21. Be3
Qb7 22. Kg2 Reb8 23. b3 Qc7 24. f4 Nd3 25. Red1 Qa5 26. b4 cxb4 27. axb4 Nxb4
28. Qc1 Qc7 29. Na4 Qxc1 30. Raxc1 Be2 31. Nb6 Ra2 32. Nd7 Rd8 33. f5 Bxd1 34.
Rxd1 Rxd7 35. Rc1 Rd8 36. Kf3 Nd3 37. Rc7 Ne5+ 38. Ke2 Ng4 39. Bg5 Bf6 40. Bxf6
Nxf6 41. Rxe7 Kf8 0-1

[Event "IV Open Estate Vomero"]
[Site "Napoli ITA"]
[Date "2010.06.25"]
[Round "7"]
[White "Esposito, Pino"]
[Black "Cosenza, Gianni"]
[Result "0-1"]
[WhiteElo "1875"]
[BlackElo "1899"]
[PlyCount "76"]
[EventDate "2010.05.06"]

1. e4 e6 2. d4 d5 3. Nd2 Nf6 4. e5 Nfd7 5. Bd3 c5 6. c3 Nc6 7. Ne2 cxd4 8. cxd4
f6 9. f4 Qb6 10. Nf3 Be7 11. Qb3 Qxb3 12. axb3 Nb4 13. Bb1 O-O 14. O-O Nb6 15.
g4 Bd7 16. Nc3 a6 17. Be3 Rac8 18. Kh1 Kh8 19. Rg1 g6 20. exf6 Bxf6 21. Ne5 Be8
22. f5 Nd7 23. Nxd7 Bxd7 24. g5 Bd8 25. fxg6 hxg6 26. Bxg6 Kg7 27. Bb1 Bc7 28.
Kg2 Rh8 29. Rh1 Rcf8 30. h4 Be8 31. Ne2 Bh5 32. Ng1 Bf4 33. Bf2 Bd6 34. Be1 Rf4
35. Bd2 Rg4+ 36. Kf1 Rf8+ 37. Ke1 Bg3+ 38. Kd1 Re4+ 0-1

[Event "IV Open Estate Vomero"]
[Site "Napoli ITA"]
[Date "2010.06.25"]
[Round "7"]
[White "Ficco, Corrado"]
[Black "Gallo, Thomas Renato"]
[Result "1-0"]
[WhiteElo "2150"]
[BlackElo "1875"]
[PlyCount "67"]
[EventDate "2010.05.06"]

1. d4 d5 2. c4 e6 3. Nc3 c6 4. e3 Nf6 5. Nf3 Nbd7 6. Qc2 Be7 7. g4 dxc4 8. Bxc4
b5 9. Bd3 Bb7 10. g5 Nd5 11. Nxd5 cxd5 12. Rg1 g6 13. Bd2 Rc8 14. Qb3 a6 15. a4
Bc6 16. axb5 axb5 17. Ba5 Nb6 18. Ne5 O-O 19. Nxc6 Rxc6 20. Bxb5 Rc8 21. f4 Qd6
22. Ke2 Nc4 23. Bxc4 dxc4 24. Qc2 Qd5 25. Bc3 Ra8 26. e4 Qd6 27. Ke3 f6 28.
gxf6 Rxa1 29. Rxa1 Bd8 30. e5 Qd5 31. Qe4 Qb5 32. Ra7 Qb3 33. Rg7+ Kh8 34. Qb7
1-0

[Event "C.to Regionale Piemonte"]
[Site "Torino ITA"]
[Date "2010.04.28"]
[Round "1"]
[White "Mantovan, Giuseppe"]
[Black "Barletta, Mauro"]
[Result "1/2-1/2"]
[WhiteElo "1894"]
[BlackElo "2207"]
[PlyCount "91"]
[EventDate "2010.04.28"]

1. d4 d5 2. Nf3 Nc6 3. Bf4 Bg4 4. e3 e6 5. Be2 Bd6 6. Bxd6 cxd6 7. Nbd2 Nf6 8.
h3 Bh5 9. O-O O-O 10. Re1 Rc8 11. c3 Qe7 12. Ng5 Bg6 13. h4 h6 14. Ngf3 Ne4 15.
g3 Bh5 16. Nxe4 dxe4 17. Nd2 Bxe2 18. Qxe2 d5 19. Qh5 Kh7 20. f4 exf3 21. Qxf3
f5 22. h5 Rf6 23. Qh1 g6 24. Re2 g5 25. Rf1 Rcf8 26. Ref2 Qc7 27. Qg2 Qf7 28.
Qh1 e5 29. e4 exd4 30. Rxf5 Qe7 31. Rxf6 Rxf6 32. Rxf6 Qxf6 33. exd5 dxc3 34.
Qe4+ Kg7 35. bxc3 Ne5 36. d6 Qxd6 37. Qxb7+ Nf7 38. Ne4 Qd1+ 39. Kg2 Qe2+ 40.
Nf2 Qxa2 41. Qe4 Qd2 42. c4 Qd6 43. Nd3 Nd8 44. Ne5 Nf7 45. Nxf7 Kxf7 46. Qh7+
1/2-1/2

[Event "C.to Regionale Piemonte"]
[Site "Torino ITA"]
[Date "2010.04.28"]
[Round "1"]
[White "Saccona, Silvano"]
[Black "Longo, Enrico"]
[Result "1-0"]
[WhiteElo "2223"]
[BlackElo "1913"]
[PlyCount "85"]
[EventDate "2010.04.28"]

1. d4 d5 2. Nf3 Nf6 3. Bf4 c6 4. c3 e6 5. Qb3 Qb6 6. Nbd2 Be7 7. h3 O-O 8. e3
Nbd7 9. Be2 a5 10. a4 Qxb3 11. Nxb3 Ne4 12. O-O Re8 13. Ne5 Nb6 14. Nf3 Bd7 15.
Nfd2 Nxd2 16. Nxd2 c5 17. Bd1 c4 18. Bc2 g5 19. Bc7 Nc8 20. e4 Bc6 21. f4 b6
22. fxg5 Bxg5 23. Bf4 Bxf4 24. Rxf4 Ne7 25. Raf1 Rf8 26. Rg4+ Kh8 27. e5 b5 28.
axb5 Bxb5 29. Nf3 Nf5 30. Bxf5 exf5 31. Rf4 a4 32. Rxf5 Bd7 33. Rf6 Be6 34. Ng5
Kg7 35. Nxe6+ fxe6 36. Rxf8 Rxf8 37. Rxf8 Kxf8 38. Kf2 Kg7 39. Kf3 h5 40. Kf4
Kh6 41. g4 h4 42. g5+ Kh5 43. g6 1-0

[Event "C.to Regionale Piemonte"]
[Site "Torino ITA"]
[Date "2010.04.29"]
[Round "2"]
[White "Longo, Luigi"]
[Black "Saccona, Silvano"]
[Result "0-1"]
[WhiteElo "1948"]
[BlackElo "2223"]
[PlyCount "41"]
[EventDate "2010.04.28"]

1. d4 c6 2. Nf3 d5 3. c3 Nf6 4. Bf4 Bf5 5. Qb3 Qb6 6. Qxb6 axb6 7. h3 Nbd7 8.
Nbd2 b5 9. a3 h6 10. Nb3 e6 11. e3 Be7 12. Be2 O-O 13. O-O Nb6 14. Nfd2 Na4 15.
Ra2 Nd7 16. f3 Rfe8 17. e4 Bg6 18. Bd3 Ndb6 19. Bb1 Nc4 20. Nxc4 bxc4 21. Na1 {
...} 0-1

[Event "C.to Regionale Piemonte"]
[Site "Torino ITA"]
[Date "2010.04.30"]
[Round "3"]
[White "Finocchiaro, Gianluca"]
[Black "Di Chiara, Mauro"]
[Result "1-0"]
[WhiteElo "2097"]
[BlackElo "1868"]
[PlyCount "59"]
[EventDate "2010.04.28"]

1. d4 d6 2. Nc3 g6 3. e4 Bg7 4. Bg5 Nf6 5. e5 Nfd7 6. Nd5 f6 7. exf6 Nxf6 8.
Bc4 Nxd5 9. Bxd5 c6 10. Bb3 Qa5+ 11. Bd2 Qf5 12. Ne2 Be6 13. c3 O-O 14. O-O Qf7
15. Bxe6 Qxe6 16. Nf4 Qc4 17. b3 Qf7 18. Qg4 Na6 19. Ne6 Qf5 20. Qe2 Rfe8 21.
Nxg7 Kxg7 22. c4 Kg8 23. Bc3 e5 24. dxe5 dxe5 25. Rad1 Nc5 26. Rfe1 e4 27. Qe3
Rf8 28. Qd4 Ne6 29. Qh8+ Kf7 30. Qxh7+ 1-0

[Event "C.to Regionale Piemonte"]
[Site "Torino ITA"]
[Date "2010.04.30"]
[Round "3"]
[White "Saccona, Silvano"]
[Black "Razzano, Lorenzo"]
[Result "1/2-1/2"]
[WhiteElo "2223"]
[BlackElo "1956"]
[PlyCount "114"]
[EventDate "2010.04.28"]

1. Nf3 Nf6 2. d4 e6 3. g3 b6 4. Bg2 Bb7 5. O-O Be7 6. a4 a6 7. Nbd2 d6 8. Re1
Nbd7 9. e4 e5 10. c3 c5 11. d5 O-O 12. Qe2 Qc7 13. Nh4 g6 14. b3 Nh5 15. Nf5
Rae8 16. Nc4 f6 17. Bh3 Kh8 18. Bh6 Rg8 19. Nxe7 Rxe7 20. Be6 Rge8 21. h4 Ng7
22. Bh3 Bc8 23. Ne3 Nb8 24. Bg2 f5 25. exf5 Nxf5 26. Nxf5 Bxf5 27. Ra2 Bc8 28.
c4 a5 29. Qe3 Rf7 30. f4 Nd7 31. Rae2 Nf6 32. fxe5 Rxe5 33. Qc3 Rxe2 34. Rxe2
Kg8 35. Qe1 Qd8 36. Qc3 Ng4 37. Bf4 Qf8 38. Qe1 Bd7 39. Bc1 Nh6 40. Bb2 Nf5 41.
Re4 Re7 42. Qc3 Nd4 43. Qe3 Rxe4 44. Bxe4 Nf5 45. Qf4 Qe7 46. Kh2 Ng7 47. Bf6
Qf8 48. Bg5 Bf5 49. Bg2 Bc2 50. Qe3 Nf5 51. Qc3 Nd4 52. Be3 Nf5 53. Bxc5 bxc5
54. Qxc2 Ne3 55. Qe4 Qf2 56. Qf3 Qd2 57. Qe4 Qf2 1/2-1/2

[Event "C.to Regionale Piemonte"]
[Site "Torino ITA"]
[Date "2010.05.01"]
[Round "4"]
[White "Razzano, Lorenzo"]
[Black "Fassio, Luca"]
[Result "1/2-1/2"]
[WhiteElo "1956"]
[BlackElo "2037"]
[PlyCount "65"]
[EventDate "2010.04.28"]

1. Nc3 g6 2. e4 Bg7 3. d4 d6 4. g3 Nf6 5. Bg2 O-O 6. Nf3 c5 7. O-O Nc6 8. dxc5
dxc5 9. Be3 Qa5 10. h3 Rd8 11. Qc1 e5 12. Nd2 Nd4 13. Kh2 Be6 14. Nf3 Qc7 15.
Ng1 Bc4 16. Re1 Rab8 17. Nce2 b5 18. c3 Ne6 19. a4 a6 20. axb5 axb5 21. Rd1 Bd3
22. f3 c4 23. Ra7 Rb7 24. Rxb7 Qxb7 25. Rd2 Bf8 26. Qd1 Ra8 27. b4 Ra3 28. Rb2
Bxe2 29. Nxe2 Qa6 30. Qd2 Qa4 31. Nc1 Ra1 32. Ra2 Rxa2 33. Qxa2 1/2-1/2

[Event "C.to Regionale Piemonte"]
[Site "Torino ITA"]
[Date "2010.05.01"]
[Round "4"]
[White "Saccona, Silvano"]
[Black "Finocchiaro, Gianluca"]
[Result "0-1"]
[WhiteElo "2223"]
[BlackElo "2097"]
[PlyCount "144"]
[EventDate "2010.04.28"]

1. d4 Nf6 2. Nf3 c5 3. c3 d5 4. dxc5 Nc6 5. Nd4 e5 6. Nxc6 bxc6 7. b4 a5 8. Bb2
Be7 9. e3 O-O 10. Nd2 d4 11. cxd4 exd4 12. Bxd4 axb4 13. Bc4 Nd5 14. O-O Be6
15. Qc2 Qa5 16. Bd3 f5 17. Nc4 Qd8 18. Ne5 Qe8 19. f4 Bf6 20. Rf3 b3 21. axb3
Nb4 22. Rxa8 Qxa8 23. Qc3 Nxd3 24. Nxd3 Qa3 25. Bxf6 Rxf6 26. Nc1 Rf7 27. Rf2
Rd7 28. Rd2 Rxd2 29. Qxd2 Qxc5 30. b4 Qc4 31. Ne2 Bd5 32. Nd4 g6 33. Kf2 Kf7
34. Nf3 Bxf3 35. Kxf3 Ke6 36. Kf2 h5 37. Qb2 Qe4 38. b5 cxb5 39. Qxb5 Qc2+ 40.
Qe2 Qe4 41. Qa6+ Kf7 42. Qa7+ Kg8 43. Qb8+ Kf7 44. Qc7+ Kg8 45. Qd8+ Kf7 46.
Qd7+ Kg8 47. Qd4 Qc2+ 48. Kg3 Qe2 49. Qd5+ Kg7 50. Qf3 Qe1+ 51. Kh3 Kf7 52. g3
Kg7 53. Kh4 Qd2 54. Kh3 Qe1 55. Qb7+ Kf6 56. Qc6+ Kg7 57. Qc7+ Kg8 58. Qd8+ Kf7
59. Qd7+ Kf6 60. Qd4+ Kf7 61. Kh4 Qe2 62. Kg5 Qxh2 63. Qf6+ Ke8 64. Qxg6+ Kd8
65. Kxf5 Qh3+ 66. Ke5 Qh1 67. Qd6+ Ke8 68. Ke6 Qb7 69. Qe5 Qc6+ 70. Kf5+ Kf7
71. Qh8 Qe6+ 72. Kg5 Qg6+ 0-1

[Event "C.to Regionale Piemonte"]
[Site "Torino ITA"]
[Date "2010.05.01"]
[Round "5"]
[White "Finocchiaro, Gianluca"]
[Black "Fassio, Luca"]
[Result "1-0"]
[WhiteElo "2097"]
[BlackElo "2037"]
[PlyCount "125"]
[EventDate "2010.04.28"]

1. e4 g6 2. d4 Bg7 3. Nc3 d6 4. Bg5 c6 5. Nf3 Bg4 6. h3 Bxf3 7. Qxf3 Bxd4 8.
Bc4 Bf6 9. h4 e6 10. Bxf6 Qxf6 11. Qd3 d5 12. exd5 exd5 13. O-O-O Ne7 14. Bb3
O-O 15. h5 Na6 16. hxg6 fxg6 17. Ne4 Qf4+ 18. Kb1 Rf7 19. Nd2 Nc5 20. Qh3 a5
21. a4 Raf8 22. Qc3 Nxb3 23. Nxb3 Qxa4 24. Rd4 Qb5 25. Rdh4 Nf5 26. Rg4 Rg7 27.
Qh3 Qe2 28. Nc5 b6 29. Nd3 Qe7 30. Re1 Qf6 31. Nf4 Nd4 32. c3 Qf5+ 33. Ka2 Nc2
34. Re2 d4 35. Nd3 Qd5+ 36. Kb1 dxc3 37. Rxc2 cxb2 38. Rxb2 Rd7 39. Rg3 b5 40.
Re2 Qb3+ 41. Kc1 Rfd8 42. Ree3 Rd4 43. Kd2 c5 44. Ke2 Qc2+ 45. Ke1 Qb1+ 46. Ke2
Qa2+ 47. Ke1 Qa1+ 48. Ke2 Qa2+ 49. Ke1 Qd5 50. Re5 Re4+ 51. Rxe4 Qxe4+ 52. Re3
Qd5 53. f4 c4 54. Ne5 b4 55. f5 c3 56. fxg6 Qd2+ 57. Kf1 Rf8+ 58. Kg1 Qf2+ 59.
Kh2 Qf4+ 60. Rg3 h6 61. Qe6+ Kh8 62. g7+ Kh7 63. g8=Q+ 1-0

[Event "C.to Regionale Piemonte"]
[Site "Torino ITA"]
[Date "2010.05.01"]
[Round "5"]
[White "Manni, Stefano"]
[Black "Banchio, Davide"]
[Result "1-0"]
[WhiteElo "1961"]
[BlackElo "1921"]
[PlyCount "37"]
[EventDate "2010.04.28"]

1. d4 d5 2. Nf3 Nf6 3. e3 c6 4. c4 e6 5. Nbd2 Nbd7 6. Be2 Bd6 7. O-O O-O 8. Qc2
e5 9. cxd5 Nxd5 10. Nc4 Qe7 11. Nxd6 Qxd6 12. Rd1 Qe6 13. e4 N5b6 14. a4 a5 15.
Be3 exd4 16. Nxd4 Qg6 17. Nf5 Re8 18. Bxb6 Nxb6 19. Ne7+ 1-0

[Event "C.to Regionale Piemonte"]
[Site "Torino ITA"]
[Date "2010.05.02"]
[Round "6"]
[White "Barletta, Mauro"]
[Black "Longo, Luigi"]
[Result "1-0"]
[WhiteElo "2207"]
[BlackElo "1948"]
[PlyCount "81"]
[EventDate "2010.04.28"]

1. e4 e6 2. d4 d5 3. e5 c5 4. c3 Nc6 5. Nf3 Bd7 6. Be2 Qb6 7. dxc5 Bxc5 8. O-O
a5 9. a4 Nge7 10. Bd3 Ng6 11. Qe2 Nce7 12. h4 Bc6 13. h5 Nf8 14. h6 g6 15. Na3
Nd7 16. Nb5 Bxb5 17. axb5 Rc8 18. Ra4 Nf5 19. Bxf5 gxf5 20. Rh4 Be7 21. Rh3 Rc4
22. Rg3 Re4 23. Qd1 Nxe5 24. Nxe5 Rxe5 25. Rg7 f4 26. Bxf4 Rf5 27. Qg4 Kd7 28.
Be3 Qd8 29. b6 Qc8 30. Rd1 Bc5 31. Bd4 Bxd4 32. Rxd4 Kc6 33. Rf4 Kxb6 34. Rxf5
exf5 35. Qd4+ Kc6 36. Rxf7 Re8 37. c4 Re1+ 38. Kh2 Qb8+ 39. g3 Qe5 40. cxd5+
Qxd5 41. Rc7+ 1-0

[Event "C.to Regionale Piemonte"]
[Site "Torino ITA"]
[Date "2010.05.02"]
[Round "7"]
[White "Finocchiaro, Gianluca"]
[Black "Barletta, Mauro"]
[Result "0-1"]
[WhiteElo "2097"]
[BlackElo "2207"]
[PlyCount "126"]
[EventDate "2010.04.28"]

1. e4 d5 2. exd5 Nf6 3. Nc3 Nxd5 4. Nxd5 Qxd5 5. Qf3 Qc5 6. c3 e5 7. Qe3 Be6 8.
Nf3 Qxe3+ 9. dxe3 f6 10. e4 Nd7 11. Be3 Bc5 12. Bxc5 Nxc5 13. Nd2 O-O-O 14. Be2
Rd6 15. Bc4 Rhd8 16. Bxe6+ Rxe6 17. Ke2 Nd3 18. Nc4 Nf4+ 19. Kf3 Rd3+ 20. Ne3
Rd2 21. Nc4 Rc2 22. Rac1 Rxc1 23. Rxc1 b5 24. Ne3 Nd3 25. Rd1 Nxb2 26. Rb1 Nc4
27. Rxb5 Nd2+ 28. Kg4 Nxe4 29. Kf5 Ng5 30. f3 g6+ 31. Kg4 h5+ 32. Kg3 Ra6 33.
Nd5 f5 34. Ne7+ Kd7 35. Rxe5 f4+ 36. Kf2 Rxa2+ 37. Kg1 Nf7 38. Re4 g5 39. Nd5
Nd6 40. Re5 Nc4 41. Rxg5 a5 42. Rxh5 Ra1+ 43. Kf2 Ra2+ 44. Kg1 a4 45. Nxc7 Ne3
46. Rh7+ Kc6 47. Ne6 Rxg2+ 48. Kh1 a3 49. Ra7 Rb2 50. h4 a2 51. h5 Rb1+ 52. Kh2
a1=Q 53. Rxa1 Rxa1 54. h6 Ra5 55. Nxf4 Ra7 56. Ne2 Nf5 57. Nd4+ Nxd4 58. cxd4
Rh7 59. Kg3 Kd5 60. Kg4 Rxh6 61. Kg5 Ra6 62. f4 Kxd4 63. f5 Ke5 0-1

[Event "XLIII Corsicoscacchi A"]
[Site "Corsico ITA"]
[Date "2010.05.01"]
[Round "2"]
[White "Cazzaniga, Walter"]
[Black "Angelini, Marco"]
[Result "0-1"]
[WhiteElo "2110"]
[BlackElo "2046"]
[PlyCount "86"]
[EventDate "2010.04.30"]

1. d4 d5 2. c4 e6 3. Nc3 c6 4. Nf3 dxc4 5. e3 b5 6. a4 Bb4 7. Bd2 a5 8. axb5
Bxc3 9. Bxc3 cxb5 10. b3 Bb7 11. bxc4 b4 12. Bb2 Nf6 13. Bd3 Nbd7 14. O-O O-O
15. c5 Qc7 16. Bb5 Bc6 17. Bxc6 Qxc6 18. Qa4 Qd5 19. Rfd1 Qf5 20. Ne1 Rfb8 21.
Nd3 Qe4 22. Ne5 Nxe5 23. dxe5 Nd5 24. Rd4 Qg6 25. g3 h6 26. c6 Qg5 27. Rad1 Rc8
28. e4 Ne7 29. c7 Rxc7 30. f4 Qg4 31. Rd8+ Rxd8 32. Rxd8+ Kh7 33. Rd2 Qf3 34.
Qxa5 Qe3+ 35. Kf1 Rc4 36. Qd8 Rxe4 37. Qd3 Qxd3+ 38. Rxd3 Nd5 39. Kf2 Rc4 40.
Rd2 Kg6 41. Kf3 Kf5 42. h4 h5 43. Bd4 b3 0-1

[Event "XLIII Corsicoscacchi A"]
[Site "Corsico ITA"]
[Date "2010.05.02"]
[Round "4"]
[White "Gagliardi, Christian"]
[Black "Angelini, Marco"]
[Result "0-1"]
[WhiteElo "2217"]
[BlackElo "2046"]
[PlyCount "50"]
[EventDate "2010.04.30"]

1. e4 c5 2. Nf3 d6 3. d4 cxd4 4. Nxd4 Nf6 5. Nc3 a6 6. Be2 e6 7. O-O b5 8. f3
Bb7 9. Kh1 Nbd7 10. a3 Be7 11. Qe1 O-O 12. Qg3 Kh8 13. Be3 Qc7 14. Nb3 Rac8 15.
Qf2 d5 16. exd5 Nxd5 17. Nxd5 Bxd5 18. Rac1 Bf6 19. Bd4 Qf4 20. g3 Qh6 21. Be3
Qh3 22. Bd4 Ne5 23. Kg1 Qf5 24. Nc5 Nxf3+ 25. Bxf3 Qxf3 0-1

[Event "XXXI Moglianoscacchi A"]
[Site "Mogliano Veneto ITA"]
[Date "2010.04.30"]
[Round "1"]
[White "Boscolo, Federico"]
[Black "Laketic, Gojko"]
[Result "1-0"]
[WhiteElo "2113"]
[BlackElo "2457"]
[PlyCount "43"]
[EventDate "2010.04.30"]

1. e4 d6 2. d4 Nf6 3. Nc3 e5 4. Nf3 Nbd7 5. g4 Nxg4 6. Rg1 Ngf6 7. Bc4 h6 8.
Be3 c6 9. dxe5 dxe5 10. Qd3 Qa5 11. Bxf7+ Kxf7 12. Qc4+ Ke8 13. Qe6+ Kd8 14.
O-O-O Kc7 15. Nh4 Nb6 16. Rxg7+ Nfd7 17. Rf7 Bb4 18. Ng6 Re8 19. Qxe8 Bxc3 20.
bxc3 Qxc3 21. Qxe5+ Qxe5 22. Nxe5 1-0

[Event "XXXI Moglianoscacchi A"]
[Site "Mogliano Veneto ITA"]
[Date "2010.04.30"]
[Round "1"]
[White "Castellano, Alfonso"]
[Black "Mileto, Gabriele"]
[Result "1/2-1/2"]
[WhiteElo "1939"]
[BlackElo "2204"]
[PlyCount "49"]
[EventDate "2010.04.30"]

1. c4 c6 2. Nf3 d5 3. b3 Bg4 4. Bb2 Nd7 5. g3 Ngf6 6. Bg2 e6 7. O-O Bd6 8. d3
O-O 9. Nbd2 Qe7 10. Qc2 Ba3 11. Bxa3 Qxa3 12. Rfe1 a5 13. Rab1 Rfe8 14. e4 dxe4
15. dxe4 e5 16. Re3 Qe7 17. h3 Be6 18. Qc3 Qb4 19. Qb2 Qd6 20. Qc3 h6 21. Rc1
c5 22. Rd3 Qc7 23. Re1 Nh7 24. Nb1 f6 25. Qd2 1/2-1/2